Online
Catalog

El ultimo de los algonquinos. / (Record no. 2417)

MARC details
000 -CABECERA
campo de control de longitud fija 00928cam a2200265 a 4500
001 - NÚMERO DE CONTROL
campo de control 000002581
005 - FECHA Y HORA DE LA ÚLTIMA TRANSACCIÓN
campo de control 20200929150222.0
008 - DATOS DE LONGITUD FIJA--INFORMACIÓN GENERAL
campo de control de longitud fija 811109s1984 ag 001 0bspa
020 ## - NÚMERO INTERNACIONAL ESTÁNDAR DEL LIBRO
Número Internacional Estándar del Libro 0802706983
040 ## - FUENTE DE LA CATALOGACIÓN
Centro catalogador/agencia de origen DO-SdBNP
Centro/agencia transcriptor DLC
Centro/agencia modificador DLC
041 17 - CÓDIGO DE LENGUA
Código de lengua del texto/banda sonora o título independiente spa
Código de lengua original eng
082 ## - NÚMERO DE LA CLASIFICACIÓN DECIMAL DEWEY
Número de clasificación 813.54
Número de documento/Ítem K239u
100 1# - ENTRADA PRINCIPAL--NOMBRE DE PERSONA
Nombre de persona Kazimiroff, Theodore L.
9 (RLIN) 8129
240 14 - TÍTULO UNIFORME
Título uniforme The last algonquin.
Lenguaje de la obra Español
245 13 - MENCIÓN DE TÍTULO
Título El ultimo de los algonquinos. /
Mención de responsabilidad, etc. Theodore L. Kazimiroff ; traducción de Teresa I. Cillo.
260 ## - PUBLICACIÓN, DISTRIBUCIÓN, ETC.
Lugar de publicación, distribución, etc. Buenos Aires :
Nombre del editor, distribuidor, etc. Tres tiempos,
Fecha de publicación, distribución, etc. 1984.
300 ## - DESCRIPCIÓN FÍSICA
Extensión 236 p. :
Otras características físicas maps ;
Dimensiones 24 cm.
490 1# - MENCIÓN DE SERIE
Mención de serie Libros del ayer inconmovibles
Designación de volumen o secuencia no. 2
534 ## - NOTA SOBRE LA VERSIÓN ORIGINAL
Encabezamiento principal del original Título original en ingles :
Mención de título del original The last algonquin
650 #4 - PUNTO DE ACCESO ADICIONAL DE MATERIA--TÉRMINO DE MATERIA
Término de materia o nombre geográfico como elemento de entrada Narrativa estadounidense
9 (RLIN) 8130
650 #4 - PUNTO DE ACCESO ADICIONAL DE MATERIA--TÉRMINO DE MATERIA
Término de materia o nombre geográfico como elemento de entrada Literatura estadounidense
9 (RLIN) 263
700 1# - PUNTO DE ACCESO ADICIONAL--NOMBRE DE PERSONA
Nombre de persona Cillo, Teresa I.,
Término indicativo de función/relación tr.
9 (RLIN) 8131
830 #0 - PUNTO DE ACCESO ADICIONAL DE SERIE-TÍTULO UNIFORME
Título uniforme Libros del ayer inconmovibles;
Designación de volumen o secuencia no. 2
9 (RLIN) 8132
910 ## - DATOS DE OPCIÓN DEL USUARIO (OCLC)
Datos de opción del usuario Catalogación por copia / LC
Holdings
Estado de retiro Estado de pérdida Restricciones de uso No para préstamo Código de colección Localización permanente Ubicación/localización actual Ubicación en estantería Fecha de adquisición Número de inventario Total de préstamos Signatura topográfica completa Código de barras Fecha visto por última vez Precio válido a partir de Tipo de ítem Koha Número de copia
    Préstamo interno   Monografías: Libros y Folletos General General En catalogación 03.07.2009 LF1   813.54 K239u 2581-10 25.06.2020 25.06.2020 Préstamo interno  
    Préstamo restringido Préstamo restrigido Monografías: Libros y Folletos General General En catalogación 03.07.2009 LF1   813.54 K239u 2581-20 25.06.2020 25.06.2020 Préstamo interno e.2

Powered by Koha